Easy logo quiz - Statistics

General Stats
  • This quiz has been taken 35 times
  • The average score is 10 of 16
Answer Stats
Picture Answer % Correct
Amazon
97%
Mcdonald's
94%
Gmail
91%
Reddit
83%
Meta
74%
Firefox
69%
Skype
63%
Costco
57%
Mattel
57%
Jif
51%
Rolex
51%
Nestle
49%
Old spice
43%
At&t
37%
Sephora
34%
English Premier League
9%
No matching quizzes found
Score Distribution
Percent of People with Each Score
Percentile by Number Answered
Your Score History
You have not taken this quiz